00864nam a2200181 a 450000100100000000500170001000800410002704000250006810000230009324501380011626000360025430000200029070000280031095201110033895201110044995201050056099900170066500003808720240305095749.0130313s2010 dr 000 0 spa d aDO-SdBNPbspacBNPHU1 aSuazo, Miguel924110aDimensión de la ética y la transparencia en la reforma del estado dominicano. /cMiguel Suazo ; presentación Marcos Villamán. aSanto Domingo :bCONARE,c2010. a11 p. ;c29 cm.1 aVillamán, Marcos9760 0010718DSaGRbGRcCTd2013-03-13iLF1l0o p38087-30r2020-06-25te. 3w2020-06-25yLFDSZNo se presta 0010718PDaPDbPDcCTd2013-03-13iLF1l0o p38087-10r2020-06-25te. 2w2020-06-25yLFPDZNo se presta 0010718PDaPDbPDcCTd2013-03-13iLF1l0o p38087-20r2020-06-25w2020-06-25yLFPDZNo se presta c37577d37577